Statistics for European Countries by Containing Letters in 15 Seconds

Click here to take the quiz!

General Stats

  • This quiz has been taken 7,107 times
  • The average score is 16 of 24

Answer Stats

LetterAnswer% Correct
A
99%
I
96%
N
96%
R
94%
E
89%
L
87%
G
84%
U
83%
D
80%
T
80%
O
80%
M
80%
S
76%
C
67%
B
65%
K
60%
Y
58%
F
48%
P
44%
H
44%
V
33%
W
29%
Z
29%
X
11%

Score Distribution

Percentile by Number Answered

Percent of People with Each Score

Your Score History

You have not taken this quiz